| 000 | 00325cam a22001097a 4500 | ||
|---|---|---|---|
| 008 | 180718b1981 xxu||||| |||| 00| 0 eng d | ||
| 082 | _aA99 B651/B651n/2 | ||
| 245 |
_aNetaji collected works, volume 2 _cedited by Sisir K. Bose |
||
| 260 |
_aCalcutta _bNetaji Research Bureau _c1981 |
||
| 300 | _a418+p. | ||
| 700 | _aBose, Sisir K. | ||
| 999 |
_c414297 _d414297 |
||